[Event "4NCL 2015-16"]
[Site "Birmingham ENG"]
[Date "2016.02.14"]
[Round "6.115"]
[White "Kilpatrick, Callum"]
[Black "Eggleston, David J"]
[Result "1/2-1/2"]
[WhiteTitle "FM"]
[BlackTitle "IM"]
[WhiteElo "2352"]
[BlackElo "2399"]
[WhiteTeam "Guildford"]
[BlackTeam "Cheddleton"]
[WhiteFideId "414425"]
[BlackFideId "412120"]
[EventDate "2015.11.14"]

1. e4 c5 2. Nf3 d6 3. Bb5+ Nd7 4. a4 Nf6 5. Nc3 g6 6. a5 Bg7 7. O-O O-O 8. d3 a6
9. Bc4 b5 10. axb6 Nxb6 11. Bb3 Bg4 12. h3 Bxf3 13. Qxf3 Nfd7 14. Na4 Qc7 15.
Qe2 Nxa4 16. Rxa4 Nb6 17. Ra3 a5 18. c3 e6 19. Bf4 Ra7 20. Rfa1 Nd7 21. R1a2 Rb8
22. Ba4 Ne5 23. Bc1 c4 24. Bc2 cxd3 25. Bxd3 d5 26. Be3 Raa8 27. exd5 exd5 28.
b4 a4 29. Bd4 Nxd3 30. Qxd3 Bxd4 31. Qxd4 Re8 32. g3 Re1+ 33. Kg2 Qc6 34. Rd2
Rd8 35. Kh2 Qe8 36. c4 Re4 37. Re3 Rxd4 38. Rxe8+ Rxe8 39. Rxd4 dxc4 40. Rxc4 a3
41. Rc2 Rb8 1/2-1/2

[Event "4NCL 2015-16"]
[Site "Birmingham ENG"]
[Date "2016.02.14"]
[Round "6.134"]
[White "Greet, Andrew N"]
[Black "Horton, Andrew P"]
[Result "1-0"]
[WhiteTitle "IM"]
[BlackTitle "FM"]
[WhiteElo "2443"]
[BlackElo "2313"]
[WhiteTeam "Wood Green HK"]
[BlackTeam "3C's"]
[WhiteFideId "405817"]
[BlackFideId "424269"]
[EventDate "2015.11.14"]

1. d4 Nf6 2. c4 e6 3. g3 Bb4+ 4. Bd2 Qe7 5. Nf3 Nc6 6. Nc3 Bxc3 7. Bxc3 Ne4 8.
Rc1 d6 9. d5 Nxc3 10. Rxc3 Nb8 11. dxe6 fxe6 12. Nd4 O-O 13. Bg2 c6 14. O-O Nd7
15. Qc2 Nf6 16. e4 e5 17. Nf5 Bxf5 18. exf5 Rad8 19. Re1 Rfe8 20. Rce3 d5 21.
cxd5 cxd5 22. Rxe5 Qxe5 23. Rxe5 Rxe5 24. Qc7 Re1+ 25. Bf1 Rd7 26. Qb8+ Kf7 27.
Kg2 a6 28. Qa7 Kf8 29. Bd3 Rc1 30. Qd4 Rcc7 31. g4 h6 32. h4 Ne4 33. f3 Nc5 34.
Bb1 Rd6 35. g5 hxg5 36. hxg5 Nd7 37. Qh4 Ke8 38. Qh8+ Nf8 39. f6 gxf6 40. Bg6+
Rf7 41. Qg8 Rd7 42. Bxf7+ Rxf7 43. g6 1-0

[Event "4NCL 2015-16"]
[Site "Birmingham ENG"]
[Date "2016.02.14"]
[Round "6.145"]
[White "Arnott, Jonathan W"]
[Black "House, Glenn L"]
[Result "0-1"]
[WhiteTitle "CM"]
[BlackTitle "FM"]
[WhiteElo "2173"]
[BlackElo "2237"]
[WhiteTeam "White Rose"]
[BlackTeam "Spirit of Atticus"]
[WhiteFideId "408077"]
[BlackFideId "406228"]
[EventDate "2015.11.14"]

1. e4 c5 2. c3 e6 3. d4 d5 4. exd5 exd5 5. Be3 c4 6. b3 cxb3 7. axb3 Nc6 8. Nf3
Bd6 9. Bb5 Ne7 10. O-O O-O 11. c4 Bg4 12. h3 Bh5 13. Nc3 Bc7 14. g4 Bg6 15. Nh4
Nb4 16. Nxg6 hxg6 17. c5 a6 18. Be2 Qd7 19. Qd2 Nec6 20. Na2 Nxa2 21. Rxa2 Rae8
22. f4 Re7 23. Bd3 Rfe8 24. Bf2 Bb8 25. Bb1 Qc7 26. Bg3 Re3 27. Bh2 Rxh3 28. Qg2
Rhe3 29. Qxd5 Nb4 30. Qg5 Nxa2 31. Bxa2 Re2 32. Bb1 Qc6 33. Rf2 Re1+ 34. Rf1
Rxf1+ 35. Kxf1 Qf3+ 0-1

[Event "4NCL 2015-16"]
[Site "Birmingham ENG"]
[Date "2016.03.19"]
[Round "7.166"]
[White "Hoare, Amy B"]
[Black "Maroroa, Sue"]
[Result "0-1"]
[BlackTitle "WIM"]
[WhiteElo "2028"]
[BlackElo "2098"]
[WhiteTeam "Sussex Martlets"]
[BlackTeam "White Rose"]
[WhiteFideId "418366"]
[BlackFideId "4301498"]
[EventDate "2015.11.14"]

1. e4 e5 2. Nf3 Nc6 3. Bc4 Bc5 4. c3 Nf6 5. d3 d6 6. Bb3 O-O 7. Nbd2 a6 8. h3
Ne7 9. Nf1 Ng6 10. Ng3 Qe8 11. O-O Kh8 12. Re1 Ng8 13. d4 Ba7 14. Nf5 f6 15. Be3
N6e7 16. Ng3 Ng6 17. Nh2 Be6 18. Nf5 Bxb3 19. Qxb3 Qc8 20. Nf3 N8e7 21. Nxe7
Nxe7 22. dxe5 fxe5 23. Bxa7 Rxa7 24. Re3 Ng6 25. Qd1 Nf4 26. Ne1 Rf6 27. Nd3 Qe6
28. Rf3 Ra8 29. Nxf4 exf4 30. Qd3 Re8 31. Re1 Qxa2 32. Qd2 Qf7 33. Qd4 Qe6 34.
Qd2 Qe5 35. Rd3 c6 36. Rd1 Ree6 37. Qc2 h6 38. Rd4 Qh5 39. Kh2 Rg6 40. Qd3 Qe5
41. Qf3 Rg5 42. Rg1 Kh7 43. b4 Reg6 44. Rdd1 Re6 45. Rd4 Qf6 46. Re1 Rge5 47. g3
fxg3+ 48. Qxg3 Rg5 49. Qe3 Qg6 50. Rd2 Rge5 51. f3 d5 52. Rg2 Qf6 53. Qd3 dxe4
54. fxe4 Qf4+ 55. Kg1 Rg6 56. Re2 Rxg2+ 57. Rxg2 Qxe4 58. Qd7 Re7 59. Qd8 Qe3+
60. Kh2 Qf4+ 61. Kh1 Re1+ 62. Rg1 Qf3+ 0-1

[Event "4NCL 2015-16"]
[Site "Birmingham ENG"]
[Date "2016.03.19"]
[Round "7.175"]
[White "Bates, Richard A"]
[Black "Pickard, Charles"]
[Result "1/2-1/2"]
[WhiteTitle "IM"]
[WhiteElo "2327"]
[BlackElo "2130"]
[WhiteTeam "Blackthorne Russia"]
[BlackTeam "Cambridge University"]
[WhiteFideId "403555"]
[BlackFideId "470880"]
[EventDate "2015.11.14"]

1. d4 Nf6 2. Nf3 g6 3. g3 Bg7 4. Bg2 O-O 5. c4 d6 6. O-O Nc6 7. Nc3 e5 8. d5 Ne7
9. e4 Ne8 10. Ne1 f5 11. Nd3 Nf6 12. Bg5 fxe4 13. Nxe4 Nf5 14. Qd2 Nxe4 15. Bxe4
Bf6 16. Bxf6 Qxf6 17. f4 exf4 18. Nxf4 Bd7 19. Bxf5 gxf5 20. Rae1 Rae8 21. Ne6
Bxe6 22. dxe6 Rxe6 23. Qd5 Re8 24. Rxe6 Qxe6 25. Qxe6+ Rxe6 26. Rxf5 Re2 27. Rf2
Re4 28. b3 a5 29. Kf1 Kg7 30. Re2 Rxe2 31. Kxe2 Kf6 32. Kf3 Ke5 33. g4 c6 34.
Ke3 d5 35. cxd5 cxd5 36. a3 d4+ 37. Kd3 Kf4 38. b4 axb4 39. axb4 Kxg4 40. Kxd4
Kh3 41. Kc5 Kxh2 42. Kb6 h5 43. Kxb7 h4 44. b5 Kg1 45. b6 h3 46. Kc7 h2 47. b7
h1=Q 48. b8=Q 1/2-1/2

[Event "4NCL 2015-16"]
[Site "Birmingham ENG"]
[Date "2016.03.20"]
[Round "8.115"]
[White "Eggleston, David J"]
[Black "Bates, Richard A"]
[Result "0-1"]
[WhiteTitle "IM"]
[BlackTitle "IM"]
[WhiteElo "2399"]
[BlackElo "2327"]
[WhiteTeam "Cheddleton"]
[BlackTeam "Blackthorne Russia"]
[WhiteFideId "412120"]
[BlackFideId "403555"]
[EventDate "2015.11.14"]

1. e4 c5 2. Nf3 d6 3. d4 cxd4 4. Nxd4 Nf6 5. Nc3 a6 6. Be3 e5 7. Nb3 Be6 8. f3
h5 9. Qd2 Nbd7 10. Nd5 Bxd5 11. exd5 Qc7 12. c4 g6 13. Be2 a5 14. Rc1 a4 15. Na1
Qa5 16. Qxa5 Rxa5 17. Nc2 Bh6 18. Bxh6 Rxh6 19. Na3 Ke7 20. Nb5 Rh8 21. Kf2 Rc8
22. Rhd1 Nc5 23. Rb1 Nfd7 24. b4 axb3 25. axb3 Na6 26. b4 Ra4 27. Nc3 Rxb4 28.
Rxb4 Nxb4 29. Rb1 Na6 30. Rxb7 Nc5 31. Ra7 Rb8 32. Nb5 Rb7 33. Ra8 Nb6 34. Ra3
Rb8 35. h4 Ra8 36. Rxa8 Nxa8 37. g4 Nb6 38. gxh5 gxh5 39. f4 Ne4+ 40. Ke3 f5 41.
Bd3 Nc5 42. Be2 Ne4 43. Na7 Ng3 44. Nc6+ Kf6 45. fxe5+ dxe5 46. d6 Ne4 47. Na5
Nxd6 48. Kd3 Na4 49. Bxh5 Nc5+ 50. Ke2 f4 51. Bg4 e4 52. Nc6 Nxc4 53. Nd4 Ne5
54. Bf5 Nf3 55. Ne6 Nxe6 56. Bxe4 Nxh4 57. Kf2 Ke5 58. Ba8 Ng5 59. Ke2 Kd4 60.
Bb7 Ne4 61. Ba6 f3+ 62. Ke1 Ke3 63. Kd1 Nf2+ 64. Ke1 Nd3+ 0-1

[Event "4NCL 2015-16"]
[Site "Birmingham ENG"]
[Date "2016.04.30"]
[Round "9.122"]
[White "Aagaard, Jacob"]
[Black "Hunt, Harriet V"]
[Result "1/2-1/2"]
[WhiteTitle "GM"]
[BlackTitle "IM"]
[WhiteElo "2498"]
[BlackElo "2439"]
[WhiteTeam "Wood Green HK"]
[BlackTeam "Blackthorne Russia"]
[WhiteFideId "1401815"]
[BlackFideId "403512"]
[EventDate "2015.11.14"]

1. e4 c6 2. d4 d5 3. e5 Bf5 4. h4 h5 5. Bd3 Bxd3 6. Qxd3 e6 7. Bg5 Qb6 8. Nd2
Qa6 9. c4 Bb4 10. b3 Ne7 11. Nf3 Nd7 12. Ke2 f6 13. Bf4 O-O-O 14. Rac1 Rhf8 15.
exf6 gxf6 16. a3 Bxd2 17. Bxd2 Rg8 18. g3 1/2-1/2

[Event "4NCL 2015-16"]
[Site "Birmingham ENG"]
[Date "2016.04.30"]
[Round "9.136"]
[White "Jackson, James P"]
[Black "Le Roux, Jean-Pierre"]
[Result "1/2-1/2"]
[WhiteTitle "FM"]
[BlackTitle "GM"]
[WhiteElo "2368"]
[BlackElo "2572"]
[WhiteTeam "Barbican 4NCL"]
[BlackTeam "Guildford"]
[WhiteFideId "416860"]
[BlackFideId "609404"]
[EventDate "2015.11.14"]

1. e4 e5 2. Nf3 Nc6 3. Bb5 a6 4. Ba4 g6 5. O-O Bg7 6. c3 d6 7. d3 Ne7 8. Be3 O-O
9. Qc1 Bg4 10. Bd1 f5 11. Ng5 Qd7 12. Bb3+ d5 13. f3 Bh5 14. c4 d4 15. Bd2 Kh8
16. c5 Nd8 17. Na3 h6 18. Nh3 f4 19. Nf2 g5 20. h3 Bg6 21. Qc2 h5 22. Ba4 Qc8
23. Nc4 Nf7 24. Rfc1 Nh6 25. Kf1 Bf7 26. Ke2 Ng6 27. Rh1 Be6 28. b4 Rb8 29. Bb3
Qe8 30. Na5 b6 31. cxb6 cxb6 32. Bxe6 Qxe6 33. Qc6 Qf7 34. Nb3 Nh4 35. Rac1 Bf6
36. Rhg1 g4 37. Qc4 Qg6 38. Qxa6 Ra8 39. Qxb6 Rxa2 40. Qe6 Rb2 41. b5 Re8 42.
Qd5 Rd8 43. Qe6 Re8 44. Qd5 Rd8 45. Qe6 Rf8 1/2-1/2

[Event "4NCL 2015-16"]
[Site "Birmingham ENG"]
[Date "2016.04.30"]
[Round "9.143"]
[White "Sowray, Peter J"]
[Black "Milliet, Sophie"]
[Result "1-0"]
[WhiteTitle "FM"]
[BlackTitle "IM"]
[WhiteElo "2349"]
[BlackElo "2356"]
[WhiteTeam "Barbican 4NCL"]
[BlackTeam "Guildford"]
[WhiteFideId "400971"]
[BlackFideId "623725"]
[EventDate "2015.11.14"]

1. d4 Nf6 2. c4 e6 3. Nc3 Bb4 4. e3 O-O 5. Ne2 b5 6. a3 Bxc3+ 7. Nxc3 bxc4 8.
Bxc4 d5 9. Bd3 Ba6 10. O-O Bxd3 11. Qxd3 Nbd7 12. Na4 Nb6 13. Nc5 Nfd7 14. Bd2
Nxc5 15. dxc5 Nd7 16. Bc3 f6 17. b4 Ne5 18. Qe2 Nc4 19. e4 Qe8 20. Rfe1 Rd8 21.
a4 Qc6 22. exd5 exd5 23. Qg4 Rde8 24. b5 Qxc5 25. Rxe8 Rxe8 26. Bxf6 Qf8 27. Bc3
Re4 28. Qg5 Qf7 29. Rd1 Nd6 30. a5 h6 31. Qxd5 Qxd5 32. Rxd5 Rc4 33. Be1 Rc1 34.
Kf1 Rb1 35. b6 axb6 36. a6 Ra1 37. Ra5 Rxa5 38. Bxa5 Nb5 39. Bc3 Kf7 40. f4 g6
41. g4 Ke6 42. Kf2 Kd5 43. f5 gxf5 44. gxf5 c5 45. Ke3 Nc7 46. f6 Ke6 47. a7 Na8
48. Ke4 h5 49. h4 Nc7 50. Kd3 b5 51. Ba5 Na8 52. Bd8 Kf7 53. Kc3 Ke6 54. Be7 Kf7
55. Bxc5 Kxf6 56. Kb4 Ke6 57. Kxb5 Kd7 58. Bb6 Kc8 59. Ka6 1-0

[Event "4NCL 2015-16"]
[Site "Birmingham ENG"]
[Date "2016.04.30"]
[Round "9.144"]
[White "Ciuksyte, Dagne"]
[Black "Dorrington, Chris J"]
[Result "0-1"]
[WhiteTitle "IM"]
[WhiteElo "2356"]
[BlackElo "2329"]
[WhiteTeam "Guildford"]
[BlackTeam "Barbican 4NCL"]
[WhiteFideId "12800619"]
[BlackFideId "410462"]
[EventDate "2015.11.14"]

1. e4 c5 2. Nf3 d6 3. d4 cxd4 4. Nxd4 Nf6 5. Nc3 e6 6. Be3 Nc6 7. Be2 Bd7 8. f4
a6 9. O-O Qc7 10. Qe1 b5 11. a3 Be7 12. Qg3 O-O 13. Bf3 Rac8 14. Kh1 Na5 15. e5
Ne8 16. Nf5 Nc6 17. Nxe7+ Nxe7 18. Be4 f5 19. exd6 Nxd6 20. Bd4 Rf7 21. Bf3 Nc4
22. b3 Nd2 23. Bh5 g6 24. Rfd1 Ne4 25. Nxe4 fxe4 26. Bg4 Qxc2 27. Be3 Nd5 28. f5
exf5 29. Rxd5 fxg4 30. Qe5 Qc3 31. Rad1 Qxe3 32. Rxd7 Qf2 33. Qd5 Rf8 0-1

[Event "4NCL 2015-16"]
[Site "Birmingham ENG"]
[Date "2016.04.30"]
[Round "9.154"]
[White "Bisby, Daniel L"]
[Black "Congiu, Mathilde"]
[Result "1-0"]
[WhiteTitle "FM"]
[BlackTitle "WIM"]
[WhiteElo "2305"]
[BlackElo "2274"]
[WhiteTeam "Cambridge University"]
[BlackTeam "3C's"]
[WhiteFideId "404586"]
[BlackFideId "634581"]
[EventDate "2015.11.14"]

1. e4 c5 2. Nc3 d6 3. f4 Nc6 4. Nf3 g6 5. Bb5 Bg7 6. O-O e6 7. Bxc6+ bxc6 8. d3
Rb8 9. Qe1 Ne7 10. Kh1 O-O 11. e5 Nf5 12. Ne4 d5 13. Nxc5 Qe7 14. b4 a5 15. a3
d4 16. g4 Nh6 17. h3 f6 18. exf6 Qxf6 19. g5 Qf5 20. gxh6 Qxh3+ 21. Nh2 Bxh6 22.
Rf3 Qf5 23. Qe5 axb4 24. Qxb8 Qxc5 25. f5 Bg7 26. f6 Qd5 27. Bg5 c5 28. Rf1 Bxf6
29. Bh6 Be5 30. Qxe5 1-0

[Event "4NCL 2015-16"]
[Site "Birmingham ENG"]
[Date "2016.04.30"]
[Round "9.186"]
[White "Foisor, Mihaela-Veronica"]
[Black "Sucikova, Svetlana"]
[Result "1/2-1/2"]
[WhiteTitle "WIM"]
[WhiteElo "2240"]
[BlackElo "2070"]
[WhiteTeam "Grantham Sharks"]
[BlackTeam "White Rose"]
[WhiteFideId "2270757"]
[BlackFideId "14923653"]
[EventDate "2015.11.14"]

1. d4 d5 2. c4 e6 3. Nc3 c6 4. e3 Nf6 5. Nf3 Nbd7 6. Qc2 Bd6 7. b3 O-O 8. Be2 b6
9. O-O Bb7 10. Bb2 Rc8 11. Rad1 Qe7 12. e4 dxe4 13. Nxe4 Nxe4 14. Qxe4 Nf6 15.
Qh4 Rfd8 16. Bd3 h6 17. Rfe1 Nh7 18. Qe4 Nf6 19. Qe2 Qc7 20. Bb1 Nd7 21. Qc2 Nf8
22. c5 Be7 23. b4 a5 24. a3 axb4 25. axb4 Ba6 26. Ne5 Bf6 27. Ng4 Bg5 28. Qc3
bxc5 29. bxc5 Rb8 30. Ba1 Qa7 31. Ba2 Bc8 32. Bc4 f5 33. Ne5 Qa4 34. Qf3 Bf6 35.
Qxc6 Qb4 36. Rc1 Bxe5 37. dxe5 Bd7 38. Qf3 Rbc8 39. Qxf5 Rxc5 40. Qg4 Qa5 41.
Bc3 Qc7 42. Bb4 Rxe5 43. Be2 Qb7 44. Be7 Re4 45. Bxd8 Rxg4 46. Bxg4 Bc6 47. f3
Bd5 48. Bc7 Qb2 49. Be5 Qb6+ 50. Kh1 Nd7 51. Bh5 Nxe5 52. Rxe5 Kh7 53. Rce1 Kg8
54. Bg4 Kf7 55. Bxe6+ Bxe6 56. Rxe6 Qb2 57. Re7+ Kg6 58. g3 Qf2 59. f4 Kh5 60.
R7e2 Qf3+ 61. Kg1 Kg4 62. Re3 Qb7 63. Re4 Qb2 64. R1e2 Qb3 65. f5+ Kxf5 66. Rf4+
Kg5 67. Re7 Qc3 68. Kg2 Qc6+ 69. Rfe4 Kf5 70. Re5+ Kf6 71. Kf3 Qc3+ 72. Kf4 Qd2+
73. Kg4 Qxh2 74. Re6+ Kf7 75. Re7+ Kg6 76. R4e6+ 1/2-1/2

[Event "4NCL 2015-16"]
[Site "Birmingham ENG"]
[Date "2016.05.01"]
[Round "10.133"]
[White "Griffiths, Ryan Rhys"]
[Black "Ledger, Andrew J"]
[Result "1/2-1/2"]
[WhiteTitle "FM"]
[BlackTitle "IM"]
[WhiteElo "2340"]
[BlackElo "2387"]
[WhiteTeam "Barbican 4NCL"]
[BlackTeam "Blackthorne Russia"]
[WhiteFideId "2502054"]
[BlackFideId "400610"]
[EventDate "2015.11.14"]

1. d4 Nf6 2. c4 e6 3. Nc3 Bb4 4. e3 O-O 5. Ne2 c6 6. a3 Ba5 7. Ng3 d5 8. Qc2
Nbd7 9. Be2 dxc4 10. Bxc4 e5 11. O-O exd4 12. exd4 Nb6 13. Ba2 Nbd5 14. Bb1 Re8
15. Bg5 h6 16. Bd2 Bb6 17. Qd3 Nxc3 18. Bxc3 Be6 19. Bc2 Qd5 20. Rad1 Rad8 21.
Rfe1 g6 22. h3 Bc7 23. Re3 Qc4 24. Ne4 Nxe4 25. Qxe4 Qd5 26. Rde1 Qxe4 27. Rxe4
Bd7 1/2-1/2

[Event "4NCL 2015-16"]
[Site "Birmingham ENG"]
[Date "2016.05.01"]
[Round "10.154"]
[White "Abbas, Daniel"]
[Black "Rendle, Thomas E"]
[Result "1/2-1/2"]
[BlackTitle "IM"]
[WhiteElo "2214"]
[BlackElo "2369"]
[WhiteTeam "3C's"]
[BlackTeam "Grantham Sharks"]
[WhiteFideId "423831"]
[BlackFideId "408760"]
[EventDate "2015.11.14"]

1. e4 e6 2. d4 d5 3. Nd2 c5 4. exd5 exd5 5. Bb5+ Nc6 6. Ngf3 cxd4 7. O-O Bd6 8.
Nb3 Ne7 9. Nbxd4 O-O 10. Be3 Bg4 11. Be2 a6 12. c3 Re8 13. Qd3 Nxd4 14. Nxd4
Bxe2 15. Nxe2 Qc7 16. h3 Rad8 17. Bg5 f6 18. Be3 Qc4 19. Rfd1 Bc7 20. Nd4 Ng6
21. Qd2 Bb8 22. Nf5 1/2-1/2

[Event "4NCL 2015-16"]
[Site "Birmingham ENG"]
[Date "2016.05.02"]
[Round "11.157"]
[White "Bentley, John L"]
[Black "Zeidler, Sven P."]
[Result "0-1"]
[BlackTitle "FM"]
[WhiteElo "2161"]
[BlackElo "2160"]
[WhiteTeam "3C's"]
[BlackTeam "South Wales Dragons"]
[WhiteFideId "409901"]
[BlackFideId "1800604"]
[EventDate "2015.11.14"]

1. d4 f5 2. e4 fxe4 3. Nc3 Nf6 4. Bg5 c6 5. f3 e3 6. Bd3 Qa5 7. Bxe3 e5 8. dxe5
Qxe5 9. Qe2 Bb4 10. Bd4 Qxe2+ 11. Nxe2 O-O 12. O-O-O d5 13. Nf4 Bd6 14. g3 Nbd7
15. Rde1 Nc5 16. Bxc5 Bxc5 17. Ne6 Bxe6 18. Rxe6 Bb4 19. a3 Bxc3 20. bxc3 Rae8
21. Rxe8 Rxe8 22. Kd2 Nd7 23. Rb1 b6 24. Rb4 Nc5 25. Rh4 h6 26. Rf4 Ne6 27. Rg4
Ng5 28. Be2 c5 29. Rf4 Re5 30. Bd3 a5 31. Bg6 Re6 32. Bd3 g6 33. c4 d4 34. h4
Nh7 35. Be4 Kg7 36. Bd5 Re7 37. Be4 Nf6 38. Kd3 Re5 39. g4 g5 40. hxg5 hxg5 41.
Rf5 Nd7 42. Bd5 Rxf5 43. gxf5 Nf6 44. c3 dxc3 45. Kxc3 Kf8 46. Kb3 Ke7 47. Ba8
Ne8 48. Ka4 Nd6 49. Bc6 Kf6 50. Bd7 Nxc4 51. Kb5 Nxa3+ 0-1

[Event "4NCL 2015-16"]
[Site "Birmingham ENG"]
[Date "2016.05.02"]
[Round "11.171"]
[White "L'Ami, Alina"]
[Black "Wallace, John Paul"]
[Result "1-0"]
[WhiteTitle "IM"]
[BlackTitle "IM"]
[WhiteElo "2359"]
[BlackElo "2390"]
[WhiteTeam "Spirit of Atticus"]
[BlackTeam "Cambridge University"]
[WhiteFideId "1210246"]
[BlackFideId "3200957"]
[EventDate "2015.11.14"]

1. d4 Nf6 2. c4 g6 3. Nc3 Bg7 4. e4 d6 5. h3 O-O 6. Bg5 Nbd7 7. Bd3 c5 8. d5 Ne5
9. Be2 b5 10. cxb5 a6 11. a4 Qa5 12. Bd2 Qb4 13. Qc2 axb5 14. Nxb5 Ba6 15. Rb1
Bxb5 16. axb5 Rfb8 17. Nf3 Nxf3+ 18. gxf3 Ne8 19. O-O Nc7 20. Kg2 Nxb5 21. Bxb5
Qxb5 22. b4 c4 23. Rfc1 Rc8 24. Bc3 Bxc3 25. Qxc3 Rab8 26. Qd4 Rc7 27. h4 h5 28.
Rc3 Rf8 29. f4 f5 30. Rg3 Kh7 31. Kh2 fxe4 32. Qxe4 Rf6 33. Rbg1 Qe8 34. Rg5 e6
35. Rxh5+ Kg8 36. Rhg5 Kf8 37. Rxg6 Rxg6 38. Rxg6 e5 39. fxe5 Qxe5+ 40. Qxe5
dxe5 41. d6 Rb7 42. h5 c3 43. Rg4 c2 44. Rc4 Rxb4 45. Rxc2 Rd4 46. Rc5 Rxd6 47.
Rxe5 Kg7 48. Kg3 Kf6 49. Ra5 Rd3+ 50. Kg4 Rd4+ 51. f4 Rd7 52. Ra6+ Kg7 53. Kg5
Rb7 54. f5 Rc7 55. Ra8 Rb7 56. Re8 Kf7 57. Rd8 Kg7 58. h6+ Kh7 59. Kf6 Ra7 60.
Re8 Ra6+ 61. Kg5 Ra7 62. f6 Ra5+ 63. Kf4 Ra4+ 64. Kf5 Ra5+ 65. Re5 Ra1 66. f7
Rf1+ 67. Ke6 Kxh6 68. Ke7 Kg7 69. Rg5+ Kh6 70. Rg8 1-0